Carregant...

Islamic Reform and Modernity in Kerala Reflections from a Local Movement in Malabar

Nineteenth century found various attempt in Kerala to reform Islam with a view to reconciling Islam with modernity. Notwithstanding the influences of reformisms in the larger Islamdom, it was the varying responses towards colonialism that determined the focus and nature of religious reform among the...

Descripció completa

Dades bibliogràfiques
Autor principal: T.Muhammedali
Format: Printed Book
Matèries:
Accés en línia:http://10.26.1.76/ks/008119.pdf
LEADER 01021nam a22001217a 4500
999 |c 183191  |d 183187 
100 |a  T.Muhammedali  |9 157240 
245 |a Islamic Reform and Modernity in Kerala Reflections from a Local Movement in Malabar 
520 |a Nineteenth century found various attempt in Kerala to reform Islam with a view to reconciling Islam with modernity. Notwithstanding the influences of reformisms in the larger Islamdom, it was the varying responses towards colonialism that determined the focus and nature of religious reform among the Muslims of the region. The study argues that the ventures of reform by urban based local initiatives showed greater potential for reconciling Islamic religious practices with the ethos and values of modern life. The achievements of Hidayathul Muslimeen Sabha in Manjeri vouch for this. 
650 |a COLONIALISM;  |a COMMERCIALISATION;  |a FATWA   |9 157241 
856 |u http://10.26.1.76/ks/008119.pdf 
942 |c KS 
952 |0 0  |1 0  |4 0  |7 0  |9 181898  |a MGUL  |b MGUL  |d 2019-06-15  |l 0  |r 2019-06-15  |w 2019-06-15  |y KS